Statistiques concernant Culture Générale - Série 1218

Cliquez ici pour prendre le quiz!

Statistiques générales

  • Ce quiz a été pris 37 fois
  • Le résultat moyen est 5 sur 10

Statistiques - réponses

Question Réponse % Correct
Quel département français porte le même nom qu'un point cardinal ?Nord
94%
Si vous arpentez les montagnes de l'Oural, dans quel pays êtes-vous ?Russie
94%
Dans le conte de Charles Perrault, "Le Petit Poucet" vole à l'ogre ses bottes de...7 lieues
75%
À quel dieu romain le temple du Capitole à Rome était-il consacré ?Jupiter
67%
Quel est le prénom de l'actrice britanno-australienne Watts ?Naomi
58%
Dans quel sport Damon Hill et son père Graham ont-ils été tous les deux champion du monde ?formule 1
56%
Dans la mythologie grecque, qui est le père d'Antigone ?Oedipe
25%
En 1933, quel roman d'André Malraux décrit la défaite des révolutionnaires communistes à Shanghai en 1927 ?La Condition humaine
17%
A quel pays est rattachée l'île de Socotra, située dans l'océan Indien ?Yémen
14%
Complétez le titre du film réalisé en 2017 par Destin Daniel Cretton, "Le château de ...verre
0%

Distribution des résultats

Percentile par nombre de réponses

% des personnes avec chaque résultat

Votre développement - résultats

Vous n’avez pas pris ce quiz